Industrial attachment report from 3rd January to 31st March 2006 at Kabarak University Library. (Record no. 12972)

MARC details
000 -LEADER
fixed length control field 00556nam a22001812 4500
001 - CONTROL NUMBER
control field 0000005385
005 - DATE AND TIME OF LATEST TRANSACTION
control field 20151217155827.0
008 - FIXED-LENGTH DATA ELEMENTS--GENERAL INFORMATION
fixed length control field 070612s xx 000 0 eng d
040 ## - CATALOGING SOURCE
Original cataloging agency KABU
Transcribing agency KABU
050 #0 - LIBRARY OF CONGRESS CALL NUMBER
Classification number Z858
Item number .K33T35
100 1# - MAIN ENTRY--PERSONAL NAME
Personal name Taiwa, Caroline.
-- 0000156674
245 10 - TITLE STATEMENT
Title Industrial attachment report from 3rd January to 31st March 2006 at Kabarak University Library.
300 ## - PHYSICAL DESCRIPTION
Extent 25 leaves.
610 20 - SUBJECT ADDED ENTRY--CORPORATE NAME
Corporate name or jurisdiction name as entry element Kabarak University Library.
-- 0000156666
908 ## - PUT COMMAND PARAMETER (RLIN)
Put command parameter 070612
950 ## - LOCAL HOLDINGS (RLIN)
-- 1
Holdings
Withdrawn status Lost status Source of classification or shelving scheme Not for loan Home library Current library Date acquired Total Checkouts Full call number Date last seen Price effective from Koha item type
    Library of Congress Classification   Kabarak, Main Campus Kabarak, Main Campus 17/12/2015   Z858 .K33T35 17/12/2015 17/12/2015 Africana Collection
Designed with assistance from East African Informatics Ltd